Hunter or hunted? : technology, innovation, and competitive strategy (Record no. 209635)

MARC details
000 -LEADER
fixed length control field 00868nam a2200265Ia 4500
008 - FIXED-LENGTH DATA ELEMENTS--GENERAL INFORMATION
fixed length control field 191130s2006##################000#0#eng##
020 ## - INTERNATIONAL STANDARD BOOK NUMBER
ISBN 9780324261288
082 ## - DEWEY DECIMAL CLASSIFICATION NUMBER
Classification number 338.6048 ROC
100 ## - MAIN ENTRY--AUTHOR NAME
Personal name Rochlin, Dave
245 ## - TITLE STATEMENT
Title Hunter or hunted? : technology, innovation, and competitive strategy
Statement of responsibility, etc Dave Rochlin
260 ## - PUBLICATION, DISTRIBUTION, ETC. (IMPRINT)
Place of publication Mason, OH
Name of publisher Thomson
Year of publication c2006
300 ## - PHYSICAL DESCRIPTION
Number of Pages xiv, 306 p. : ill. ; 24 cm
500 ## - GENERAL NOTE
General note Includes bibliographical references (p. 275-287) and index
650 ## - SUBJECT ADDED ENTRY--TOPICAL TERM
Topical Term Competition
Topical Term Industrial management
Topical Term Strategic planning
Topical Term Technological innovations - Economic aspects
Topical Term Technological innovations - Management
Topical Term Technology - Economic aspects
991 ## -
-- 304231
Holdings
Withdrawn status Lost status Damaged status Not for loan Home library Current library Shelving location Date acquired Full call number Accession Number Price effective from Koha item type
        Anna Centenary Library Anna Centenary Library 4TH FLOOR, A WING 13.10.2020 338.6048 ROC 303552 13.10.2020 English Books

Find us on the map